000 00909nam a2200265 a 4500
001 BRCA_2278
005 20190320203736.0
008 900316s1990 maua---###---#000-0deng-d
020 _a050009215X
040 _aDLC
_cDLC
_dDLC
041 _aeng
_hund
050 4 _aTR820
_b.B57 1990
100 1 _aBischof, Werner Adalbert
_d1916-1954
_96823
245 1 0 _aWerner Bischof, 1916-1954
_bHis Life and Work
_cedited by Marco Bischof and René Burri ; introduction by Hugo Loetscher ; text by Marco Bischof and Guido Magnaguagno.
260 _aBoston
_bLittle, Brown
_cc1990
300 _a255 p.
_bil.
_c31 cm.
500 _aIncluye biografía
504 _aBibliografía : p. 251-253
600 1 4 _aBischof, Werner Adalbert
_d1916-1954
_96823
650 1 4 _aFotoperiodismo
_96824
700 1 _aBischof, Marco
_d1947-
_96825
700 1 _aBurri, René
_96826
700 1 _aMagnaguagno, Guido
_96827
942 _2lcc
_cB
999 _c2024
_d2024